| 000 | 00886nam a22002297a 4500 | ||
|---|---|---|---|
| 999 |
_c19924 _d19924 |
||
| 003 | AR-CdUCM | ||
| 008 | 190312b ||||| |||| 00| 0 spa d | ||
| 040 |
_aMUNICIPALIDAD PROVINCIAL DEL CUSCO _cBIBLIOTECA MUNICIPAL DEL CUSCO |
||
| 082 |
_a301.3985 / _bC26 |
||
| 100 |
_aCarbajal Perez, Jaime _941643 |
||
| 245 |
_aEconomía y violencia : _bLos costos ocasionados por el terrorismo: un marco teórico y un modelo de estimación / |
||
| 260 |
_aLima : _bInstituto constitución y sociedad, _c1993. |
||
| 300 |
_a198 paginas ; _c23 cm. |
||
| 505 | _aContenido: Conceptos básicos sobre la violencia -- La economía según sendero -- Teoría económica... | ||
| 650 |
_aTeoría económica _94478 |
||
| 650 |
_aPobreza en el Perú _941644 |
||
| 650 |
_aTerrorismo _91688 |
||
| 650 |
_aSendero _941645 |
||
| 700 |
_aUriarte Otoya, Percy _941646 |
||
| 942 |
_2ddc _cLIBROS |
||
| 945 | _arcc | ||